000
00312nam a22001457a 4500
020
_a
978-812-644-1532
082
_a
894.812.3
_b
BAL/A
100
_a
BALAKRISHNAN C.V
245
_a
AYUSSINTE PUSTHAKAM
260
_a
KOTTAYAM
_b
DC BOOKS
_c
2013
300
_a
213
520
_a
NOVEL
650
_a
NOVEL
942
_c
BK
999
_c
4778
_d
4778